[Event "Campeonato España Sub 16"]
[Site "Salobreña"]
[Date "2017.07.29"]
[Round "9"]
[White "Ortin Blanco, Inigo"]
[Black "Merelo Garcia, Francisco"]
[Result "1-0"]
[Board "9"]
[WhiteClock "1:30"]
[WhiteElo "2090"]
[WhiteCountry "ESP"]
[WhiteFideId "32010125"]
[WhiteEloChange "7"]
[BlackClock "1:30"]
[BlackElo "1994"]
[BlackCountry "ESP"]
[BlackFideId "32092539"]
[BlackEloChange "-7"]

1. d4 {[%clk 1:30:00]} d6 {[%clk 1:30:00]} 2. e4 {[%clk 1:31:00]} Nf6 {[%clk
1:31:00]} 3. Nc3 {[%clk 1:31:00]} g6 {[%clk 1:31:00]} 4. Bg5 {[%clk 1:31:00]} Bg7
{[%clk 1:30:00]} 5. e5 {[%clk 1:31:00]} Nfd7 {[%clk 1:29:00]} 6. exd6 {[%clk
1:25:00]} cxd6 {[%clk 1:29:00]} 7. Qd2 {[%clk 1:25:00]} h6 {[%clk 1:29:00]} 8.
Be3 {[%clk 1:25:00]} Nf6 {[%clk 1:28:00]} 9. h3 {[%clk 1:24:00]} h5 {[%clk
1:26:00]} 10. Nf3 {[%clk 1:17:00]} Nc6 {[%clk 1:23:00]} 11. d5 {[%clk 1:15:00]}
Nb8 {[%clk 1:22:00]} 12. O-O-O {[%clk 1:13:00]} a6 {[%clk 1:21:00]} 13. Be2
{[%clk 0:57:00]} b5 {[%clk 1:20:00]} 14. Ng5 {[%clk 0:56:00]} Qa5 {[%clk
1:14:00]} 15. Kb1 {[%clk 0:55:00]} Nbd7 {[%clk 1:09:00]} 16. f4 {[%clk 0:37:00]}
Bb7 {[%clk 1:03:00]} 17. Bf3 {[%clk 0:36:00]} b4 {[%clk 0:59:00]} 18. Ne2 {[%clk
0:36:00]} Nb6 {[%clk 0:55:00]} 19. Bd4 {[%clk 0:29:00]} Bxd5 {[%clk 0:52:00]} 20.
a3 {[%clk 0:24:00]} Bxf3 {[%clk 0:44:00]} 21. axb4 {[%clk 0:24:00]} Qb5 {[%clk
0:43:00]} 22. Nxf3 {[%clk 0:23:00]} Nc4 {[%clk 0:42:00]} 23. Qe1 {[%clk 0:18:21]}
a5 {[%clk 0:39:00]} 24. Nc3 {[%clk 0:16:02]} Qxb4 {[%clk 0:34:00]} 25. Nd5 {[%clk
0:15:59]} Nxd5 {[%clk 0:31:00]} 26. Bxg7 {[%clk 0:16:12]} Na3+ {[%clk 0:26:00]}
27. Kc1 {[%clk 0:16:19]} Rc8 {[%clk 0:25:00]} 28. bxa3 {[%clk 0:14:10]} Qxa3+
{[%clk 0:25:00]} 29. Bb2 {[%clk 0:14:20]} Qc5 {[%clk 0:24:30]} 30. Qe4 {[%clk
0:12:33]} Nc3 {[%clk 0:18:27]} 31. Bxc3 {[%clk 0:11:06]} Qxc3 {[%clk 0:18:51]}
32. Qa4+ {[%clk 0:10:56]} Qc6 {[%clk 0:17:42]} 33. Qxc6+ {[%clk 0:10:56]} Rxc6
{[%clk 0:18:07]} 34. Rd5 {[%clk 0:10:41]} a4 {[%clk 0:18:07]} 35. Ra5 {[%clk
0:10:33]} O-O {[%clk 0:18:32]} 36. Rxa4 {[%clk 0:09:19]} Rfc8 {[%clk 0:18:54]}
37. Nd4 {[%clk 0:08:52]} Rc3 {[%clk 0:19:11]} 38. Re1 {[%clk 0:09:00]} e6 {[%clk
0:19:06]} 39. Re2 {[%clk 0:07:26]} d5 {[%clk 0:18:45]} 40. Rd2 {[%clk 0:07:09]}
Re3 {[%clk 0:18:49]} 41. Kd1 {[%clk 0:07:08]} Rb8 {[%clk 0:18:57]} 42. Re2 {[%clk
0:07:01]} Rb1+ {[%clk 0:17:48]} 43. Kd2 {[%clk 0:07:26]} Rg3 {[%clk 0:18:04]} 44.
Nf3 {[%clk 0:07:27]} Rf1 {[%clk 0:17:39]} 45. Ra6 {[%clk 0:05:59]} Kf8 {[%clk
0:16:09]} 46. Ke3 {[%clk 0:04:32]} Kg8 {[%clk 0:16:08]} 47. Rd2 {[%clk 0:04:44]}
Kf8 {[%clk 0:15:44]} 48. Ke2 {[%clk 0:05:03]} Rfxf3 {[%clk 0:13:43]} 49. gxf3
{[%clk 0:05:27]} Rxh3 {[%clk 0:14:05]} 50. Ra1 {[%clk 0:05:13]} Kg7 {[%clk
0:13:53]} 51. Ke3 {[%clk 0:05:26]} Kf6 {[%clk 0:14:09]} 52. Rg1 {[%clk 0:05:00]}
Kf5 {[%clk 0:14:11]} 53. Rg5+ {[%clk 0:05:24]} Kf6 {[%clk 0:14:41]} 54. c4 {[%clk
0:03:44]} dxc4 {[%clk 0:14:58]} 55. Rc5 {[%clk 0:03:10]} Rh1 {[%clk 0:14:30]} 56.
Rxc4 {[%clk 0:03:32]} Re1+ {[%clk 0:14:02]} 57. Kf2 {[%clk 0:03:47]} Ra1 {[%clk
0:14:13]} 58. Rc7 {[%clk 0:03:49]} Ra8 {[%clk 0:12:47]} 59. Rdd7 {[%clk 0:04:06]}
Rf8 {[%clk 0:13:02]} 60. Kg3 {[%clk 0:04:06]} 1-0

[Event "Campeonato España Sub 16"]
[Site "Salobreña"]
[Date "2017.07.29"]
[Round "9"]
[White "Sobrino Forte, Alvaro"]
[Black "Roldan Marques, Daniel"]
[Result "0-1"]
[Board "10"]
[WhiteClock "n/a"]
[WhiteElo "2003"]
[WhiteCountry "ESP"]
[WhiteFideId "24549495"]
[WhiteEloChange "-3"]
[BlackClock "n/a"]
[BlackTitle "FM"]
[BlackElo "2300"]
[BlackCountry "ESP"]
[BlackFideId "32063318"]
[BlackEloChange "3"]

1. e4 {[%clk 1:30:30]} e6 {[%clk 1:30:30]} 2. d4 {[%clk 1:30:30]} d5 {[%clk
1:30:30]} 3. e5 {[%clk 1:30:30]} c5 {[%clk 1:30:30]} 4. c3 {[%clk 1:30:30]} Nc6
{[%clk 1:30:30]} 5. Nf3 {[%clk 1:30:30]} Bd7 {[%clk 1:30:30]} 6. Be2 {[%clk
1:30:30]} Nge7 {[%clk 1:30:30]} 7. O-O {[%clk 1:30:30]} Ng6 {[%clk 1:30:30]} 8.
g3 {[%clk 1:30:30]} Be7 {[%clk 1:30:30]} 9. h4 {[%clk 1:30:30]} cxd4 {[%clk
1:30:30]} 10. cxd4 {[%clk 1:30:30]} O-O {[%clk 1:30:30]} 11. h5 {[%clk 1:30:30]}
Nh8 {[%clk 1:30:30]} 12. h6 {[%clk 1:30:30]} g6 {[%clk 1:30:30]} 13. Nc3 {[%clk
1:30:30]} f5 {[%clk 1:30:30]} 14. Be3 {[%clk 1:30:30]} Nf7 {[%clk 1:30:30]} 15.
Kg2 {[%clk 1:30:30]} Kh8 {[%clk 1:30:30]} 16. Rh1 {[%clk 1:30:30]} Rg8 {[%clk
1:30:30]} 17. Qd2 {[%clk 1:30:30]} g5 {[%clk 1:30:30]} 18. Kf1 {[%clk 1:30:30]}
Be8 {[%clk 1:30:30]} 19. Ne1 {[%clk 1:28:14]} Rg6 {[%clk 1:27:59]} 20. f4 {[%clk
1:24:43]} g4 {[%clk 1:24:30]} 21. Nd3 {[%clk 1:24:13]} Rxh6 {[%clk 1:22:59]} 22.
Kg2 {[%clk 1:23:44]} Kg7 {[%clk 1:20:29]} 23. Rxh6 {[%clk 1:22:13]} Nxh6 {[%clk
1:20:29]} 24. Rh1 {[%clk 1:22:13]} Nf7 {[%clk 1:19:00]} 25. Qd1 {[%clk 1:21:45]}
h5 {[%clk 1:17:29]} 26. Rxh5 {[%clk 1:19:15]} Nfxe5 {[%clk 1:15:59]} 27. Rh2
{[%clk 1:18:47]} Nxd3 {[%clk 1:14:27]} 28. Bxd3 {[%clk 1:17:17]} Bf6 {[%clk
1:13:56]} 29. Be2 {[%clk 1:14:48]} Bg6 {[%clk 1:12:25]} 30. Qb3 {[%clk 1:10:19]}
Qe7 {[%clk 1:10:55]} 31. Qd1 {[%clk 1:09:48]} Rc8 {[%clk 1:03:26]} 32. Bxg4
{[%clk 1:04:18]} fxg4 {[%clk 1:02:56]} 33. Qxg4 {[%clk 1:04:18]} Rg8 {[%clk
0:59:26]} 34. Nxd5 {[%clk 1:02:49]} exd5 {[%clk 0:59:26]} 35. f5 {[%clk 1:02:19]}
Qe4+ {[%clk 0:59:26]} 36. Qxe4 {[%clk 1:01:48]} dxe4 {[%clk 0:59:26]} 37. fxg6
{[%clk 1:01:48]} Kxg6 {[%clk 0:57:56]} 38. d5 {[%clk 1:00:18]} Nb4 {[%clk
0:56:25]} 39. d6 {[%clk 1:00:18]} a6 {[%clk 0:54:56]} 40. a3 {[%clk 0:59:49]} Nd5
{[%clk 0:53:25]} 41. Bc1 {[%clk 0:59:18]} Rc8 {[%clk 0:50:55]} 42. Rh6+ {[%clk
0:58:49]} Kg7 {[%clk 0:50:26]} 43. Rh5 {[%clk 0:58:49]} Rxc1 {[%clk 0:49:56]} 44.
Rxd5 {[%clk 0:58:49]} Rc8 {[%clk 0:49:25]} 45. Kf2 {[%clk 0:58:49]} Kf7 {[%clk
0:47:56]} 46. Ke3 {[%clk 0:58:49]} Ke6 {[%clk 0:47:56]} 47. d7 {[%clk 0:58:19]}
Rg8 {[%clk 0:47:25]} 48. Rd1 {[%clk 0:57:48]} Rxg3+ {[%clk 0:47:25]} 49. Kxe4
{[%clk 0:57:19]} Rg8 {[%clk 0:47:25]} 50. b4 {[%clk 0:57:19]} Rd8 {[%clk
0:46:55]} 51. a4 {[%clk 0:57:19]} Rxd7 {[%clk 0:46:55]} 52. Rxd7 {[%clk 0:57:19]}
Kxd7 {[%clk 0:46:25]} 53. Kd5 {[%clk 0:57:19]} Kc7 {[%clk 0:46:25]} 54. Kc5
{[%clk 0:57:19]} Be7+ {[%clk 0:45:55]} 55. Kc4 {[%clk 0:57:19]} b6 {[%clk
0:45:55]} 0-1

[Event "Campeonato España Sub 16"]
[Site "Salobreña"]
[Date "2017.07.29"]
[Round "9"]
[White "Sole Pijuan, Ferran"]
[Black "Perez Perez , Gabriel"]
[Result "1/2-1/2"]
[Board "11"]
[WhiteClock "n/a"]
[WhiteElo "2216"]
[WhiteCountry "ESP"]
[WhiteFideId "32045611"]
[WhiteEloChange "-6"]
[BlackClock "n/a"]
[BlackElo "2000"]
[BlackCountry "ESP"]
[BlackFideId "32089147"]
[BlackEloChange "6"]

1. d4 {[%clk 1:30:30]} Nf6 {[%clk 1:30:30]} 2. c4 {[%clk 1:30:30]} g6 {[%clk
1:30:30]} 3. Nc3 {[%clk 1:30:30]} Bg7 {[%clk 1:30:30]} 4. e4 {[%clk 1:30:30]} d6
{[%clk 1:30:30]} 5. Be2 {[%clk 1:30:30]} O-O {[%clk 1:30:30]} 6. Bg5 {[%clk
1:30:30]} Na6 {[%clk 1:30:30]} 7. Qd2 {[%clk 1:30:30]} e5 {[%clk 1:30:30]} 8. d5
{[%clk 1:30:30]} Qe8 {[%clk 1:30:30]} 9. h4 {[%clk 1:30:30]} Nc5 {[%clk 1:30:30]}
10. f3 {[%clk 1:30:30]} Nh5 {[%clk 1:30:30]} 11. g4 {[%clk 1:30:30]} Nf4 {[%clk
1:30:30]} 12. O-O-O {[%clk 1:29:11]} f5 {[%clk 1:20:59]} 13. Bxf4 {[%clk
1:23:41]} exf4 {[%clk 1:20:59]} 14. exf5 {[%clk 1:23:11]} gxf5 {[%clk 1:20:59]}
15. g5 {[%clk 1:22:41]} Qe3 {[%clk 1:15:30]} 16. Qxe3 {[%clk 1:17:11]} fxe3
{[%clk 1:15:30]} 17. f4 {[%clk 1:16:41]} Bxc3 {[%clk 1:10:59]} 18. bxc3 {[%clk
1:16:41]} Ne4 {[%clk 1:10:59]} 19. Rh2 {[%clk 1:16:10]} Nxc3 {[%clk 1:10:59]} 20.
Rd3 {[%clk 1:15:40]} Nxa2+ {[%clk 1:10:30]} 21. Kb2 {[%clk 1:15:10]} Nb4 {[%clk
1:10:30]} 22. Rxe3 {[%clk 1:15:10]} Bd7 {[%clk 1:09:01]} 23. g6 {[%clk 1:03:40]}
Rae8 {[%clk 1:07:30]} 24. Rg3 {[%clk 1:03:40]} h6 {[%clk 1:07:00]} 25. g7 {[%clk
0:58:10]} Rf6 {[%clk 1:07:00]} 26. Bh5 {[%clk 0:54:40]} Re4 {[%clk 1:02:28]} 27.
Bg6 {[%clk 0:54:12]} Rxg6 {[%clk 0:54:59]} 28. Rxg6 {[%clk 0:54:12]} Nd3+ {[%clk
0:49:28]} 29. Kb3 {[%clk 0:52:42]} Re3 {[%clk 0:39:59]} 30. Rh3 {[%clk 0:51:11]}
Nxf4+ {[%clk 0:38:29]} 31. Rxe3 {[%clk 0:50:42]} Nxg6 {[%clk 0:38:29]} 32. Rg3
{[%clk 0:48:12]} Ne5 {[%clk 0:33:58]} 33. Rg2 {[%clk 0:45:43]} b5 {[%clk
0:28:28]} 34. cxb5 {[%clk 0:45:12]} Bxb5 {[%clk 0:28:28]} 35. Nh3 {[%clk
0:41:42]} Bf1 {[%clk 0:25:58]} 36. Rg3 {[%clk 0:41:42]} Bxh3 {[%clk 0:25:28]} 37.
Rxh3 {[%clk 0:41:42]} Kxg7 {[%clk 0:25:28]} 38. Rc3 {[%clk 0:41:42]} Kf6 {[%clk
0:22:58]} 39. Rxc7 {[%clk 0:41:42]} f4 {[%clk 0:20:28]} 40. Kc3 {[%clk 0:41:13]}
Ng4 {[%clk 0:18:57]} 41. Kd3 {[%clk 0:40:43]} f3 {[%clk 0:17:26]} 42. Rxa7 {[%clk
0:40:13]} Ke5 {[%clk 0:15:57]} 43. Rf7 {[%clk 0:38:43]} Kxd5 {[%clk 0:15:57]} 44.
Rf5+ {[%clk 0:38:14]} Ne5+ {[%clk 0:15:27]} 45. Ke3 {[%clk 0:37:43]} Ke6 {[%clk
0:15:27]} 46. Rh5 {[%clk 0:37:13]} Kd5 {[%clk 0:15:27]} 47. Kd2 {[%clk 0:35:43]}
Ke4 {[%clk 0:13:58]} 48. Rxh6 {[%clk 0:35:43]} d5 {[%clk 0:13:28]} 49. Rf6 {[%clk
0:35:43]} Ng4 {[%clk 0:11:58]} 50. Re6+ {[%clk 0:35:43]} Kf5 {[%clk 0:11:58]} 51.
Rd6 {[%clk 0:35:13]} Ke5 {[%clk 0:10:27]} 52. Rg6 {[%clk 0:34:42]} Kf4 {[%clk
0:07:59]} 1/2-1/2

[Event "Campeonato España Sub 16"]
[Site "Salobreña"]
[Date "2017.07.29"]
[Round "9"]
[White "Callejas Rojas, Francisco Miguel"]
[Black "Marzo Pie, Xavier"]
[Result "1-0"]
[Board "12"]
[WhiteClock "1:30"]
[WhiteElo "2164"]
[WhiteCountry "ESP"]
[WhiteFideId "32072503"]
[WhiteEloChange "6"]
[BlackClock "1:30"]
[BlackElo "1996"]
[BlackCountry "ESP"]
[BlackFideId "32086440"]
[BlackEloChange "-6"]

1. d4 {[%clk 1:30:00]} d6 {[%clk 1:30:00]} 2. Nf3 {[%clk 1:31:00]} g6 {[%clk
1:31:00]} 3. c4 {[%clk 1:31:00]} Bg7 {[%clk 1:31:00]} 4. e4 {[%clk 1:31:00]} Bg4
{[%clk 1:25:00]} 5. Be2 {[%clk 1:26:00]} Nc6 {[%clk 1:24:00]} 6. Be3 {[%clk
1:24:00]} Bxf3 {[%clk 1:22:00]} 7. Bxf3 {[%clk 1:24:00]} e5 {[%clk 1:22:00]} 8.
d5 {[%clk 1:24:00]} Nd4 {[%clk 1:23:00]} 9. O-O {[%clk 1:20:00]} Ne7 {[%clk
1:19:00]} 10. Nd2 {[%clk 1:10:00]} c5 {[%clk 1:06:00]} 11. Bxd4 {[%clk 1:05:00]}
cxd4 {[%clk 1:05:00]} 12. b4 {[%clk 1:04:00]} b6 {[%clk 1:03:00]} 13. a4 {[%clk
0:48:00]} O-O {[%clk 1:02:00]} 14. a5 {[%clk 0:44:00]} Qc7 {[%clk 1:01:29]} 15.
Be2 {[%clk 0:40:00]} f5 {[%clk 0:59:00]} 16. f3 {[%clk 0:34:00]} Bh6 {[%clk
0:57:00]} 17. Qc2 {[%clk 0:32:00]} Bxd2 {[%clk 0:55:00]} 18. Qxd2 {[%clk
0:33:00]} Kh8 {[%clk 0:53:00]} 19. Bd3 {[%clk 0:30:00]} Ng8 {[%clk 0:52:00]} 20.
axb6 {[%clk 0:20:00]} axb6 {[%clk 0:52:00]} 21. Rxa8 {[%clk 0:11:23]} Rxa8 {[%clk
0:51:30]} 22. exf5 {[%clk 0:11:31]} gxf5 {[%clk 0:53:00]} 23. Qc2 {[%clk
0:11:13]} Ra3 {[%clk 0:51:00]} 24. Rc1 {[%clk 0:07:28]} Ne7 {[%clk 0:50:00]} 25.
Qd2 {[%clk 0:07:29]} Qd7 {[%clk 0:36:00]} 26. Rd1 {[%clk 0:05:03]} Qa4 {[%clk
0:35:00]} 27. Bc2 {[%clk 0:05:09]} Qd7 {[%clk 0:34:00]} 28. Qh6 {[%clk 0:05:04]}
Ng6 {[%clk 0:33:00]} 29. Qg5 {[%clk 0:04:09]} Ne7 {[%clk 0:32:00]} 30. h4 {[%clk
0:02:34]} Rc3 {[%clk 0:31:00]} 31. Bd3 {[%clk 0:00:39]} b5 {[%clk 0:16:57]} 32.
cxb5 {[%clk 0:00:09]} Nxd5 {[%clk 0:17:12]} 33. Bxf5 {[%clk 0:00:43]} Qe7 {[%clk
0:16:48]} 34. Qh6 {[%clk 0:00:33]} Nxb4 {[%clk 0:15:56]} 35. Ra1 {[%clk 0:00:46]}
Rc8 {[%clk 0:06:38]} 36. Bxc8 {[%clk 0:01:11]} Qc7 {[%clk 0:05:23]} 37. Bf5
{[%clk 0:00:47]} Qe7 {[%clk 0:05:23]} 38. Ra7 {[%clk 0:00:47]} 1-0

[Event "Campeonato España Sub 16"]
[Site "Salobreña"]
[Date "2017.07.29"]
[Round "9"]
[White "Garcia Sancho, Josep"]
[Black "Represa Perez, Mireya"]
[Result "0-1"]
[Board "13"]
[WhiteClock "1:30"]
[WhiteElo "2092"]
[WhiteCountry "ESP"]
[WhiteFideId "32010168"]
[WhiteEloChange "-13"]
[BlackClock "1:30"]
[BlackTitle "WFM"]
[BlackElo "1974"]
[BlackCountry "ESP"]
[BlackFideId "32010036"]
[BlackEloChange "13"]

1. c4 {[%clk 1:30:00]} Nf6 {[%clk 1:30:00]} 2. Nc3 {[%clk 1:31:00]} g6 {[%clk
1:31:00]} 3. g3 {[%clk 1:31:00]} Bg7 {[%clk 1:31:00]} 4. Bg2 {[%clk 1:31:00]} O-O
{[%clk 1:31:00]} 5. e3 {[%clk 1:32:00]} d6 {[%clk 1:32:00]} 6. Nge2 {[%clk
1:32:00]} e5 {[%clk 1:30:00]} 7. O-O {[%clk 1:32:00]} Nc6 {[%clk 1:29:00]} 8. d3
{[%clk 1:32:00]} a5 {[%clk 1:28:00]} 9. b3 {[%clk 1:30:00]} Be6 {[%clk 1:25:00]}
10. Bb2 {[%clk 1:31:00]} Qd7 {[%clk 1:25:00]} 11. Nd5 {[%clk 1:31:00]} Rab8
{[%clk 1:20:00]} 12. Rc1 {[%clk 1:30:00]} Bh3 {[%clk 1:17:00]} 13. Qd2 {[%clk
1:30:00]} Bxg2 {[%clk 1:17:00]} 14. Kxg2 {[%clk 1:30:00]} Nh5 {[%clk 1:13:00]}
15. f4 {[%clk 1:29:00]} b6 {[%clk 1:08:00]} 16. d4 {[%clk 1:24:00]} Nd8 {[%clk
1:00:00]} 17. dxe5 {[%clk 1:22:00]} dxe5 {[%clk 1:00:00]} 18. Rcd1 {[%clk
1:21:00]} Nc6 {[%clk 0:48:00]} 19. Ba3 {[%clk 1:15:00]} Rfd8 {[%clk 0:46:00]} 20.
Qc2 {[%clk 1:13:00]} Qc8 {[%clk 0:40:00]} 21. f5 {[%clk 1:03:00]} Qb7 {[%clk
0:33:00]} 22. Qe4 {[%clk 1:00:00]} Nf6 {[%clk 0:28:00]} 23. Nxf6+ {[%clk
0:59:00]} Bxf6 {[%clk 0:29:00]} 24. fxg6 {[%clk 0:46:00]} hxg6 {[%clk 0:28:00]}
25. Rxd8+ {[%clk 0:33:00]} Bxd8 {[%clk 0:28:00]} 26. Bb2 {[%clk 0:34:00]} Bg5
{[%clk 0:20:00]} 27. Qf3 {[%clk 0:31:00]} Nb4 {[%clk 0:16:50]} 28. e4 {[%clk
0:30:00]} c5 {[%clk 0:16:06]} 29. Nc3 {[%clk 0:28:00]} Re8 {[%clk 0:13:26]} 30.
Nd5 {[%clk 0:26:00]} Nc2 {[%clk 0:09:39]} 31. h4 {[%clk 0:22:00]} Bd8 {[%clk
0:09:59]} 32. h5 {[%clk 0:22:00]} Nd4 {[%clk 0:08:27]} 33. Bxd4 {[%clk 0:21:00]}
exd4 {[%clk 0:07:39]} 34. e5 {[%clk 0:20:00]} Qd7 {[%clk 0:04:01]} 35. hxg6
{[%clk 0:19:30]} fxg6 {[%clk 0:04:06]} 36. Qf6 {[%clk 0:19:41]} Qxd5+ {[%clk
0:01:13]} 37. cxd5 {[%clk 0:19:44]} Bxf6 {[%clk 0:01:39]} 38. Rxf6 {[%clk
0:17:27]} Rxe5 {[%clk 0:02:01]} 39. Rxg6+ {[%clk 0:17:50]} Kf7 {[%clk 0:02:25]}
40. Rxb6 {[%clk 0:18:24]} d3 {[%clk 0:01:38]} 41. Rb7+ {[%clk 0:16:45]} Kg6
{[%clk 0:00:53]} 42. Rb6+ {[%clk 0:16:17]} Kf5 {[%clk 0:01:06]} 43. Rh6 {[%clk
0:16:11]} d2 {[%clk 0:01:18]} 44. Rh5+ {[%clk 0:16:19]} Kf6 {[%clk 0:00:45]} 45.
Rh6+ {[%clk 0:16:25]} Kg7 {[%clk 0:00:45]} 0-1

[Event "Campeonato España Sub 16"]
[Site "Salobreña"]
[Date "2017.07.29"]
[Round "9"]
[White "Gonzalvez Tamarit, Ruben"]
[Black "Garcia Gimenez, Santiago"]
[Result "1/2-1/2"]
[Board "14"]
[WhiteClock "1:30"]
[WhiteElo "1954"]
[WhiteCountry "ESP"]
[WhiteFideId "32041764"]
[WhiteEloChange "3"]
[BlackClock "1:30"]
[BlackElo "2064"]
[BlackCountry "ESP"]
[BlackFideId "32063350"]
[BlackEloChange "-3"]

1. e4 {[%clk 1:30:00]} e5 {[%clk 1:30:00]} 2. Nf3 {[%clk 1:31:00]} Nc6 {[%clk
1:31:00]} 3. d4 {[%clk 1:31:00]} exd4 {[%clk 1:31:00]} 4. Nxd4 {[%clk 1:31:00]}
Bc5 {[%clk 1:31:00]} 5. Nb3 {[%clk 1:32:00]} Bb6 {[%clk 1:31:00]} 6. Nc3 {[%clk
1:32:00]} d6 {[%clk 1:31:00]} 7. Qe2 {[%clk 1:32:00]} Nf6 {[%clk 1:31:00]} 8. Bg5
{[%clk 1:30:00]} h6 {[%clk 1:30:00]} 9. Bh4 {[%clk 1:30:00]} g5 {[%clk 1:30:00]}
10. Bg3 {[%clk 1:30:00]} Qe7 {[%clk 1:29:00]} 11. O-O-O {[%clk 1:29:00]} Bd7
{[%clk 1:30:00]} 12. h4 {[%clk 1:22:00]} O-O-O {[%clk 1:30:00]} 13. f3 {[%clk
1:12:00]} Rhe8 {[%clk 1:25:00]} 14. Bf2 {[%clk 1:06:00]} Bxf2 {[%clk 1:25:00]}
15. Qxf2 {[%clk 1:07:00]} a6 {[%clk 1:24:00]} 16. hxg5 {[%clk 0:56:00]} hxg5
{[%clk 1:24:00]} 17. Bc4 {[%clk 0:51:00]} Be6 {[%clk 1:21:00]} 18. Nd5 {[%clk
0:47:00]} Bxd5 {[%clk 1:21:00]} 19. exd5 {[%clk 0:44:00]} Ne5 {[%clk 1:21:00]}
20. Bxa6 {[%clk 0:43:00]} bxa6 {[%clk 1:21:00]} 21. Qa7 {[%clk 0:42:31]} Kd7
{[%clk 1:19:00]} 22. Qxa6 {[%clk 0:42:00]} Ra8 {[%clk 1:19:00]} 23. Qb5+ {[%clk
0:41:29]} Kd8 {[%clk 1:19:00]} 24. Qb7 {[%clk 0:31:00]} Kd7 {[%clk 1:17:00]} 25.
Qb5+ {[%clk 0:30:29]} Kd8 {[%clk 1:17:00]} 26. Qb7 {[%clk 0:30:29]} Kd7 {[%clk
1:18:00]} 27. Qb5+ {[%clk 0:30:29]} Kd8 {[%clk 1:17:29]} 28. Qb7 {[%clk 0:29:59]}
Kd7 {[%clk 1:17:29]} 29. Qb5+ {[%clk 0:32:00]} Kd8 {[%clk 1:19:00]} 30. Qb7
{[%clk 0:32:00]} Kd7 {[%clk 1:19:00]} 1/2-1/2

[Event "Campeonato España Sub 16"]
[Site "Salobreña"]
[Date "2017.07.29"]
[Round "9"]
[White "Garcia Jimenez, Santiago"]
[Black "Lechuga Cabrero, Luis Miguel"]
[Result "0-1"]
[Board "15"]
[WhiteClock "1:30"]
[WhiteElo "2040"]
[WhiteCountry "ESP"]
[WhiteFideId "24543241"]
[WhiteEloChange "-12"]
[BlackClock "1:30"]
[BlackElo "1979"]
[BlackCountry "ESP"]
[BlackFideId "22274693"]
[BlackEloChange "12"]

1. e4 {[%clk 1:30:00]} c5 {[%clk 1:30:00]} 2. Nf3 {[%clk 1:31:00]} d6 {[%clk
1:30:00]} 3. d4 {[%clk 1:31:00]} cxd4 {[%clk 1:31:00]} 4. Nxd4 {[%clk 1:32:00]}
Nf6 {[%clk 1:31:00]} 5. Nc3 {[%clk 1:32:00]} g6 {[%clk 1:31:00]} 6. Be3 {[%clk
1:32:00]} Bg7 {[%clk 1:31:00]} 7. f3 {[%clk 1:32:00]} O-O {[%clk 1:32:00]} 8. Qd2
{[%clk 1:33:00]} Nc6 {[%clk 1:32:00]} 9. O-O-O {[%clk 1:31:00]} d5 {[%clk
1:31:00]} 10. exd5 {[%clk 1:31:00]} Nxd5 {[%clk 1:32:00]} 11. Nxc6 {[%clk
1:31:00]} bxc6 {[%clk 1:32:00]} 12. Bd4 {[%clk 1:31:00]} e5 {[%clk 1:32:00]} 13.
Bc5 {[%clk 1:32:00]} Be6 {[%clk 1:32:00]} 14. h4 {[%clk 1:28:00]} h6 {[%clk
1:31:00]} 15. Bc4 {[%clk 1:21:00]} Re8 {[%clk 0:52:00]} 16. g4 {[%clk 1:04:00]}
Qc7 {[%clk 0:43:00]} 17. g5 {[%clk 0:50:00]} h5 {[%clk 0:21:00]} 18. Ne4 {[%clk
0:48:00]} Red8 {[%clk 0:21:00]} 19. Qf2 {[%clk 0:38:00]} Qa5 {[%clk 0:18:31]} 20.
Bb3 {[%clk 0:22:00]} Rab8 {[%clk 0:16:52]} 21. Kb1 {[%clk 0:18:54]} a6 {[%clk
0:15:20]} 22. Qe1 {[%clk 0:17:55]} Qc7 {[%clk 0:15:05]} 23. Rh2 {[%clk 0:15:58]}
Nf4 {[%clk 0:08:42]} 24. Rhd2 {[%clk 0:14:02]} Bxb3 {[%clk 0:08:20]} 25. axb3
{[%clk 0:13:32]} Ra8 {[%clk 0:07:16]} 26. Bd6 {[%clk 0:10:24]} Qa5 {[%clk
0:05:00]} 27. Nf6+ {[%clk 0:08:50]} Bxf6 {[%clk 0:04:58]} 28. gxf6 {[%clk
0:09:16]} Re8 {[%clk 0:05:14]} 29. Qe4 {[%clk 0:07:28]} Nd5 {[%clk 0:03:02]} 30.
Rg2 {[%clk 0:07:24]} Kh7 {[%clk 0:02:35]} 31. Rg5 {[%clk 0:07:03]} Nxf6 {[%clk
0:02:36]} 32. Qc4 {[%clk 0:06:37]} Re6 {[%clk 0:01:41]} 33. f4 {[%clk 0:04:13]}
Qb5 {[%clk 0:01:08]} 34. Qxb5 {[%clk 0:02:52]} axb5 {[%clk 0:01:16]} 35. Rxe5
{[%clk 0:03:13]} Rxe5 {[%clk 0:01:06]} 36. Bxe5 {[%clk 0:03:36]} Nd5 {[%clk
0:01:37]} 37. c4 {[%clk 0:03:20]} bxc4 {[%clk 0:01:44]} 38. bxc4 {[%clk 0:03:41]}
Ne3 {[%clk 0:02:09]} 39. Rd7 {[%clk 0:03:51]} Nxc4 {[%clk 0:01:25]} 40. Rxf7+
{[%clk 0:04:10]} Kg8 {[%clk 0:01:23]} 41. Rg7+ {[%clk 0:03:42]} Kf8 {[%clk
0:01:53]} 42. Rh7 {[%clk 0:03:55]} Ra5 {[%clk 0:01:31]} 43. Bc3 {[%clk 0:02:07]}
Rf5 {[%clk 0:01:25]} 44. b3 {[%clk 0:02:04]} Ne3 {[%clk 0:01:01]} 45. Kc1 {[%clk
0:00:33]} Rxf4 {[%clk 0:00:56]} 46. Kd2 {[%clk 0:00:36]} Nd5 {[%clk 0:01:00]} 47.
Be5 {[%clk 0:00:50]} Rxh4 {[%clk 0:01:02]} 48. Kd3 {[%clk 0:00:45]} Nb4+ {[%clk
0:00:57]} 49. Ke3 {[%clk 0:00:49]} Nd5+ {[%clk 0:01:03]} 50. Kd3 {[%clk 0:01:13]}
Rg4 {[%clk 0:01:13]} 51. Bd4 {[%clk 0:01:08]} Nf4+ {[%clk 0:03:25]} 52. Ke3
{[%clk 0:01:02]} Ng2+ {[%clk 0:03:34]} 53. Kd3 {[%clk 0:01:13]} Ne1+ {[%clk
0:03:33]} 54. Kc3 {[%clk 0:01:14]} Nf3 {[%clk 0:03:08]} 55. Bc5+ {[%clk 0:01:32]}
Ke8 {[%clk 0:03:26]} 56. Kd3 {[%clk 0:01:11]} Ne5+ {[%clk 0:03:22]} 57. Ke3
{[%clk 0:01:27]} Nf7 {[%clk 0:03:29]} 58. b4 {[%clk 0:01:44]} h4 {[%clk 0:02:52]}
59. Kf2 {[%clk 0:01:35]} Ng5 {[%clk 0:02:00]} 60. Rh8+ {[%clk 0:01:49]} Kd7
{[%clk 0:02:24]} 61. Ke2 {[%clk 0:01:51]} Ke6 {[%clk 0:01:40]} 62. Rg8 {[%clk
0:00:41]} Nf7 {[%clk 0:01:03]} 63. Ke3 {[%clk 0:00:34]} h3 {[%clk 0:01:01]} 64.
Re8+ {[%clk 0:00:44]} Kd5 {[%clk 0:01:17]} 65. Kd2 {[%clk 0:00:40]} Rg2+ {[%clk
0:01:08]} 66. Kc3 {[%clk 0:00:40]} h2 {[%clk 0:01:15]} 67. Re1 {[%clk 0:01:00]}
Ne5 {[%clk 0:01:08]} 68. Rd1+ {[%clk 0:00:42]} Ke4 {[%clk 0:01:23]} 69. Re1+
{[%clk 0:01:04]} Kf3 {[%clk 0:01:32]} 70. Bd4 {[%clk 0:00:38]} Ng4 {[%clk
0:01:39]} 71. Kd3 {[%clk 0:00:41]} Nf2+ {[%clk 0:01:57]} 72. Kc4 {[%clk 0:00:32]}
h1Q {[%clk 0:02:11]} 73. Bxf2 {[%clk 0:00:35]} Qh5 {[%clk 0:02:18]} 74. Bc5
{[%clk 0:00:37]} Qd5+ {[%clk 0:02:18]} 0-1